1681 1763 1360 1796 1916 1252 1420 1645 1731 1550 1345 1731 1066 1238 1203 1460 1665 1633 1664 1834 1413 1103 1227 1809 1502 1376 1226 1960 1441 1093 1351 1528 1775 1041 1590 1018 1962 1837 1871 1146 1003 1219 1630 1521 1376 1716 1166 1744 1405 1380 1661 1998 1520 1811 1479 1764 1479 1711 1161 1180 1846 1264 1139 1954 1795 1539 1731 1077 1371 1643 1845 1331 1388 1434 1274 1086 1510 1132 1359 1194 1419 1609 1270 1401 1575 1490 1450 1745 1865 1388 1792 1259 1826 1951 1478 1339 1878 1046 1635 BCNSPRNW ULIB Ver.6.0+V

เปลี่ยนเป็นภาษาไทย

Change to English
 แสดงรายละเอียดบรรณานุกรม
  กลับหน้าหลัก

Brief Record : Get Marc (ISO 2709) : E-mail record : QR code < ปิดหน้าต่าง
LEADER : 00000nam 2200000uu 4500
001    13399108481
003     ULIB
008    110304s2552||||th 000 0 tha d
020    9789741110797
060 04 QV605.JT3^bว621ภ 2552
245 00 ภาวะเป็นพิษจากสารออร์กาโนฟอสฟอรัสและคาร์บาเมต/^cโดยวินัยวนานุกูล,บรรณาธิการ. ;จารุวรรณ ศรีอาภา, อัจฉรา ทองภู
250    พิมพ์ครั้งที่ 1
260    กรุงเทพฯ :^bโครงการตำรารามาธิบดี ภาควิชาอายุศาสตร์คณะแพทยศาสตร์โรงพยาบาลรามาธิบดี มหาวิทยาลัยมหิดล,^c2552
300    vi, 170หน้า :^bภาพประกอบ ;^c29 ซม. +^eซีดี-รอม 1 แผ่น
650  2 Insecticides^xtoxicity
650  2 Insecticides, Organophosphorus^xtoxicity
650  2 Insecticides, Carbamate^xtoxicity
650  2 Organophosphorus Compounds^xpoisoning
650  2 Organophosphorus Compounds^xadverse effects^xtoxicity
650  2 Carbamate^xpoisoning
650  7 พิษวิทยา
650  7 ยาฆ่าแมลงกลุ่มออร์กาโนฟอสเฟต^xความเป็นพิษ
650  7 สารเคมี^zไทย^xความเป็นพิษ
650  7 สารพิษ^xการวินิจฉัย
653    ยาฆ่าแมลงกลุ่มคาร์บาเมท^xความเป็นพิษ
653    ผลงานของอาจารย์ภาควิชาอายุศาสตร์คณะแพทยศาสตร์โรงพยาบาลรามาธิบดี มหาวิทยาลัยมหิดล
700 0  วินัย วนานุกูล,^eบรรณาธิการ
700 0  จารุวรรณ ศรีอาภา,^eผู้แต่งร่วม
700 0  อัจฉรา ทองภู,^eผู้แต่งร่วม
710 2  มหาวิทยาลัยมหิดล.^bโครงการตำรารามาธิบดีคณะแพทยศาสตร์โรงพยาบาลรามาธิบดี. ^bภาควิชาอายุรศาสตร์
945    ^p600^l0^i027493
945    ^p600^l0^i027492
945    ^p600^l0^i026105
945    ^p600^l0^i026104
995    ทศพร
999 ^a ใช้งานได้ทุกระบบ
รายการนี้ยังไม่มีแท็ก
คุณยังไม่ได้ล็อกอิน คุณสามารถมีกิจกรรมร่วมกับเว็บไซต์ได้ แต่ต้องล็อกอินก่อน ::
  ล็อกอิน

รายการสื่อสารสนเทศ

ลำดับที่ ประเภท เลขเรียก/บาร์โค้ด สถานที่ สถานะ
- ไม่พบข้อมูล -

รายการใกล้เคียง
    หัวเรื่อง [พิษวิทยา]

BibComment


ยังไม่เคยถูกคอมเมนท์

คอมเมนท์ทรัพยากรรายการนี้
  คอมเมนท์: ภาวะเป็นพิษจากสาร..


 Copyright 2026. Bcnsprnw @Library